Normal view
MARC view
Entry Personal Name
001 - CONTROL NUMBER
- control field: 7811
003 - CONTROL NUMBER IDENTIFIER
- control field: ARRUPE
005 - DATE AND TIME OF LATEST TRANSACTION
- control field: 20140204133005.0
008 - FIXED-LENGTH DATA ELEMENTS
- fixed length control field: 140204|| aca||aabn | a|a d
040 ## - CATALOGING SOURCE
- Original cataloging agency: ARRUPE
- Transcribing agency: ARRUPE
100 ## - HEADING--PERSONAL NAME
- Personal name: Mary,
- Titles and other words associated with a name: Blessed Virgin, Saint
- Form subdivision: Miscellanea.
670 ## - SOURCE DATA FOUND
- Source citation: Work cat.: (ARRUPE)0: Craughwell, Thomas J., 1956- 7809, Lent and Easter with Mary /, c2008.